LEADER 03054nam 2200301za 450 001 9910555082503321 005 20220901162829.0 010 $a9781119554721 (e-book) 010 $a9781119554769 (hbk.) 035 $a(EXLCZ)994100000011248668 100 $a20210312d2021 uy 0 101 0 $aeng 135 $aurcn|nnn||||| 200 10$aAdvanced construction management$b[electronic resource] $ethe complexity of megaprojects /$fChristian Brockmann 210 $aHoboken, N.J. $cWiley Blackwell$d2021 215 $a1 online resource (xii, 288 p.) $cill 327 $a1 Introduction -- 2 Theoretical Background -- 3 Advanced Construction Project Management -- 4 Characteristics of Megaprojects -- 5 International Construction Management -- 6 Megaproject Phases and Activity Groups -- 7 Descriptive Megaproject Management Model -- 8 Engineering Management -- 9 Management Functions -- 10 Meta-Functions -- 11 Basic Functions -- 12 Cultural Management -- 13 Innovation in Construction Megaprojects -- 14 All in All, What Does It Mean? -- References -- Index. 330 $aAn essential guide to the structure, dynamics, and management of construction megaprojects. Advanced Construction Project Management is a comprehensive resource that covers the myriad aspects of implementing a megaproject from a contractor?s perspective. With many years? experience of managing construction megaprojects, the author provides an in-depth exploration of the structure, dynamics and management of these demanding projects. In addition, the book gives all stakeholders a clear understanding of the complexity of megaprojects and offers contractors the insight and essential tools needed for achieving results. As the trend to plan and implement ever-larger projects looks likely to continue into the future, the need for a guide to understand the challenges of managing a megaproject couldn?t be greater. Comprehensive in scope, the book explores the theoretical background, economics, complexity, phases, strategic planning, engineering, coordination, and common challenges of megaprojects. The book also provides the tools for managing stakeholder integration. This important book: Describes the structure, dynamics and management of megaprojects; Explores the management activities required and examines the appropriate tools for the management of megaprojects; Includes tools for stakeholder integration; Provides an advanced understanding of construction management concepts. Written for managers, project managers and engineers, and cost consultants, Advanced Construction Project Management covers, in one complete volume, the information needed to lead a successful project. 606 $aEngineering$xManagement 606 $aBuilding$xSuperintendence 608 $aElectronic books. 615 0$aEngineering$xManagement. 615 0$aBuilding$xSuperintendence. 676 $a624.068 700 $aBrockmann$b Christian$f1954-$01218821 912 $a9910555082503321 996 $aAdvanced construction management$92818526 997 $aUNINA LEADER 03801nam 22005173 450 001 996556967603316 005 20231115084558.0 010 $a3-11-107272-X 024 7 $a10.1515/9783111072722 035 $a(CKB)28742951600041 035 $a(MiAaPQ)EBC30883063 035 $a(Au-PeEL)EBL30883063 035 $a(DE-B1597)641291 035 $a(DE-B1597)9783111072722 035 $a(EXLCZ)9928742951600041 100 $a20231115d2023 uy 0 101 0 $aeng 135 $aur||||||||||| 181 $ctxt$2rdacontent 182 $cc$2rdamedia 183 $acr$2rdacarrier 200 10$aKnowledge Shaping $eStudent Note-Taking Practices in Early Modernity 205 $a1st ed. 210 1$aBerlin/Boston :$cWalter de Gruyter GmbH,$d2023. 210 4$d©2023. 215 $a1 online resource (264 pages) 225 1 $aRenaissance Mind Series ;$vv.1 311 08$a9783111072609 327 $tFrontmatter -- $tTable of Contents -- $tThe Student?s Mind and His Notes: A Preface -- $tFirst Part: Note-Taking and the Study Discipline -- $tNote-Taking with Method: Remarks on the Theories of Knowledge in Early Modern De ratione studii Manuals -- $tCopia and Historical Note-Taking in an Academic Environment: The Scholarly Manuscripts of the Hungarian Historiographer Péter Révay -- $tAristotle Excerpted and Disput[at]ed: Leiden 1602?1603 -- $tWhat Student Agency at the Academy of Zamo??? Remarks on Some Political Oratory Texts -- $t?Put it in your mind or in the notes?: Instructions for Taking Notes in Early Modern Law Studies -- $tSecond Part: Students? Curiosity and Choices -- $tAristotle Up-Front: A Student?s Notes on the Title Page of Jacques Lefèvre d?Étaple?s Introduction to Aristotle?s Ethics -- $tThe Notebook that Stood Trial for Heresy: Antitrinitarianism among Polish Students in Tübingen in 1550s -- $tTransmission and Transformation of Knowledge: Valentine Nádasdi?s Miscellany from the University of Paris or the Chances of Christian Kabbalah and Neoplatonism on the Ottoman Frontier -- $tIndex of Names 330 $aHow can we portray the history of Renaissance knowledge production through the eyes of the students? Their university notebooks contained a variety of works, fragments of them, sentences, or simple words. To date, studies on these materials have only concentrated on a few individual works within the collections, neglecting the strategy by which texts and textual fragments were selected and the logic through which the notebooks were organized. The eight chapters that make up this volume explore students' note-taking practices behind the creation of their notebooks from three different angles. The first considers annotation activities in relation to their study area to answer the question of how university disciplines were able to influence both the content and structure of their notebooks. The volume's second area of research focuses on the student's curiosity and choices by considering them expressions of a self-learning practice not necessarily linked to a discipline of study or instructions from teaching. The last part of the volume moves away from the student?s desk to consider instructions on note-taking methods that students could receive from manuals of various kinds. 410 0$aRenaissance Mind Series 606 $aPHILOSOPHY / History & Surveys / Modern$2bisacsh 610 $alearning. 610 $amanuscripts. 610 $anotebook. 610 $auniversity. 615 7$aPHILOSOPHY / History & Surveys / Modern. 676 $a378.170903 700 $aLepri$b Valentina$01154548 801 0$bMiAaPQ 801 1$bMiAaPQ 801 2$bMiAaPQ 906 $aBOOK 912 $a996556967603316 996 $aKnowledge Shaping$93590182 997 $aUNISA LEADER 04429nam 22006255 450 001 9910552747603321 005 20251113191430.0 010 $a3-030-87637-3 024 7 $a10.1007/978-3-030-87637-1 035 $a(MiAaPQ)EBC6927324 035 $a(Au-PeEL)EBL6927324 035 $a(CKB)21403613300041 035 $a(PPN)261523740 035 $a(OCoLC)1310341171 035 $a(DE-He213)978-3-030-87637-1 035 $a(EXLCZ)9921403613300041 100 $a20220315d2022 u| 0 101 0 $aeng 135 $aurcnu|||uuuuu 181 $ctxt$2rdacontent 182 $cc$2rdamedia 183 $acr$2rdacarrier 200 10$aBiobanks in Low- and Middle-Income Countries: Relevance, Setup and Management /$fedited by Karine Sargsyan, Berthold Huppertz, Svetlana Gramatiuk 205 $a1st ed. 2022. 210 1$aCham :$cSpringer International Publishing :$cImprint: Springer,$d2022. 215 $a1 online resource (234 pages) 225 1 $aBiomedical and Life Sciences Series 311 08$aPrint version: Sargsyan, Karine Biobanks in Low- and Middle-Income Countries: Relevance, Setup and Management Cham : Springer International Publishing AG,c2022 9783030876364 327 $aIntroduction to Biobanking -- Scientific Relevance, Problems and the Destitution for Principles of Biobanks and Biobanking Activities -- Types of Biobanks -- Ethical and Legal Principles in the Field of Biobanking -- Business Planning for Biobanks -- Biobanking Concepts Specific for Developing Countries -- Methods of Implementation and Set-up of National Biobanking Networks -- Implementation of Ethical and Legal Considerations in a Biobanking Network -- Collection and Management of Samples -- Quality Control and Risk Management in Biobanks -- Governance and Stakeholder Analysis -- Biobanking IT Systems, Database Structure and Web Applications -- Management Model and Sustainability Plan of Biobanks -- Sustainability Plan and Project Management of a Biobanking Network -- Establishing a Biobank Using Standardisation -- Science and Innovation of Biobanks -- Running a Biobank Network -- Infrastructure: Delivering on the Promise of Biobanking -- Design Considerations and Equipment of Biobanks -- Software Toolsfor Biobanking in LMICs -- The Importance of Cancer Biobanks in Low- and Middle-Income Countries -- Biobanking in Paediatrics: A Look from Armenia as a Middle-Income Country -- Biobanking of the Central Nervous System -- The Importance of Biobanking COVID-19 Samples -- Oncobiobanking in a Middle-Income Country: The Example of Russia -- Sustainability of Biobanks and Biobanking in LMICs -- Biobanks for Enabling Research and Development by Trusted Patient Data Environment -- Future Perspective of the Biobanking Field. 330 $aThis book introduces the fundamentals of biobanking and guides through the practical planning thereof, with a special focus on the situation in low- and middle-income countries. On the example of the setup of a Ukrainian biobank the book discusses the main steps and aspects of successful biorepository implementation and management. Topics covered include collection, storage and shipping of samples, establishment of an IT system, development of a sustainability plan, and project and risk management. Furthermore, the importance of the formation of international biobanking societies such as the Ukraine Association of Biobanks is highlighted, and their main objectives and tasks are discussed. The book addresses life science and business professionals as well as national authorities who are interested in biobanking in general and in setting up a biobank in particular. 410 0$aBiomedical and Life Sciences Series 606 $aBiotechnology 606 $aBiomaterials 606 $aBiology$xTechnique 606 $aBiotechnology 606 $aBiomaterials 606 $aBiological Techniques 615 0$aBiotechnology. 615 0$aBiomaterials. 615 0$aBiology$xTechnique. 615 14$aBiotechnology. 615 24$aBiomaterials. 615 24$aBiological Techniques. 676 $a570.752 676 $a362.1783 702 $aSargsyan$b Karine 702 $aHuppertz$b Berthold 702 $aGramatiuk$b Svetlana 801 0$bMiAaPQ 801 1$bMiAaPQ 801 2$bMiAaPQ 906 $aBOOK 912 $a9910552747603321 996 $aBiobanks in Low- and Middle-Income Countries$92804403 997 $aUNINA